000 00590nam a2200205 i 4500
001 135267
003 ES-MaACL
005 20251003185051.0
007 t|
008 070713s1971 sp ||||1| spa d
080 _a820-311.6"19
100 1 _aTompkins, Peter.
_9110563
245 1 0 _aUn espia en Roma /
_cPeter Tompkins ; traducción del inglés Manuel Vázquez.
250 _a[1ª ed.].
260 _a[Barcelona :
_bPicazo,
_c1971]
300 _a370 p. ;
_c20 cm.
700 1 _aVázquez Tomás, Manuel
_9113375
852 _aES-MaACL
_jC-41176
_bR.79891
999 _c135267
_d135267